000 01737nam a2200181Ia 4500
008 151202s9999||||xx |||||||||||||| ||und||
082 _bPNVM-122735
100 _aस्वच्छंदानन्दयति(गोडबोले स्वामी सातारा)/परशुराम कौशिक.
245 _a"देवीविजय 12स्कंध देवीभागवतसारसंंग्रह ग्रन्थाचासंक्षेप ओवीबद्ध 9 अध्याय आडवी पोथी रंगीत चित्र 1,कृ.ध.चित्रे 12."
260 _bतुकोजी बुवा गुरु वाकोजीबुवा मठ तुळजापुर.
260 _c1971
300 _a472
600 _aस्वच्छंदानन्दयति(गोडबोले स्वामी सातारा)/परशुराम कौशिक.
630 _a"देवीविजय 12स्कंध देवीभागवतसारसंंग्रह ग्रन्थाचासंक्षेप ओवीबद्ध 9 अध्याय आडवी पोथी रंगीत चित्र 1,कृ.ध.चित्रे 12."
700 _aस्वच्छंदानन्दयति(गोडबोले स्वामी सातारा)/परशुराम कौशिक.
730 _a"देवीविजय 12स्कंध देवीभागवतसारसंंग्रह ग्रन्थाचासंक्षेप ओवीबद्ध 9 अध्याय आडवी पोथी रंगीत चित्र 1,कृ.ध.चित्रे 12."
942 _cBOOK
999 _c1352864
_d1352861